To Barcelona, with love ; To Barcelona, forever / ... Read More
Available copies
- 2 of 2 copies available at LARL/NWRL Consortium.
- 2 of 2 copies available at Lake Agassiz Regional Library. (Show preferred library)
Current holds
0 current holds with 2 total copies.
Show All Copies
| Location | Call Number / Copy Notes | Barcode | Shelving Location | Status | Due Date |
|---|---|---|---|---|---|
| Detroit Lakes Public Library | DVD TO (Text) | 33500014391437 | Main | Available | - |
| Moorhead Public Library | DVD TO (Text) | 33500014391429 | Main | Available | - |
Record details
- Physical Description: 1 videodisc (168 min.) : sound, color ; 4 3/4 in.
- Publisher: [United States] : Hallmark, [2026]
- Copyright: © 2025
Content descriptions
| General Note: | Title from web page. Wide screen. |
| Formatted Contents Note: | To Barcelona, with love ; (84 min. 2025)-- To ... Read More |
| Creation/Production Credits Note: | Director of photography, Tyler Walzak. |
| Participant or Performer Note: | Alison Sweeney, Ashley Williams, Alejandro Tous, ... Read More |
| Summary, etc.: | To Barcelona, With Love: Erica, an American ... Read More |
| Target Audience Note: | Rating: Not rated. |
| System Details Note: | DVD; region 1, NTSC; wide screen; Dolby digital ... Read More |
Search for related items by subject
| Subject: | Authors > Drama. Man-woman relationships > Drama. Barcelona (Spain) > Drama. |
| Genre: | Feature films. Fiction films. Romance films. Made-for-TV movies. Video recordings for hard of hearing people. |
| LDR | 03801cgm a22008537i 4500 | ||
|---|---|---|---|
| 001 | 488712 | ||
| 003 | LARL_NWRL_CONSORTIUM | ||
| 005 | 20260603215850.0 | ||
| 008 | 260223p20262025xxu168 e vleng d | ||
| 007 | vd cvaizu | ||
| 040 | . | ‡aTEFMT ‡beng ‡erda ‡cTEFMT ‡dTEF ‡dOCLCO ‡dRNL ‡dIUK ‡dYEQ ‡dOCLCQ | |
| 024 | 1 | . | ‡a767685172476 |
| 028 | 4 | 2. | ‡aHM7247 ‡bHallmark |
| 035 | . | ‡a(OCoLC)1574228881 | |
| 037 | . | ‡bMidwest Tape ‡nhttp://www.midwesttapes.com | |
| 041 | 1 | . | ‡aeng ‡peng ‡jeng |
| 046 | . | ‡k2025 ‡2edtf | |
| 082 | 0 | 4. | ‡a791.43/75 ‡223/eng/20260305 |
| 245 | 0 | 0. | ‡aTo Barcelona, with love ; ‡bTo Barcelona, forever / ‡cHallmark Media presents ; written by Julie Sherman Wolfe ; directed by Ron Oliver. |
| 246 | 3 | . | ‡aTo Barcelona, forever |
| 257 | . | ‡aUnited States. ‡2naf | |
| 264 | 1. | ‡a[United States] : ‡bHallmark, ‡c[2026] | |
| 264 | 4. | ‡c© 2025 | |
| 300 | . | ‡a1 videodisc (168 min.) : ‡bsound, color ; ‡c4 3/4 in. | |
| 336 | . | ‡atwo-dimensional moving image ‡btdi ‡2rdacontent | |
| 337 | . | ‡avideo ‡bv ‡2rdamedia | |
| 338 | . | ‡avideodisc ‡bvd ‡2rdacarrier | |
| 340 | . | ‡b4 3/4 in. | |
| 340 | . | ‡gpolychrome ‡2rdacc | |
| 341 | 0 | . | ‡aauditory ‡bcaptions ‡2sapdv |
| 341 | 0 | . | ‡aauditory ‡bclosedCaptions ‡2sapdv |
| 341 | 0 | . | ‡aauditory ‡bclosedCaptions ‡2sapdv |
| 344 | . | ‡adigital ‡2rdatr | |
| 344 | . | ‡boptical ‡2rdarm | |
| 344 | . | ‡hDolby digital 5.1 | |
| 345 | . | ‡dwide screen ‡2rdaar | |
| 346 | . | ‡bNTSC ‡2rdabs | |
| 347 | . | ‡avideo file ‡2rdaft | |
| 347 | . | ‡bDVD video | |
| 347 | . | ‡eregion 1 ‡2rdare | |
| 380 | . | ‡aMotion pictures ‡2lcgft | |
| 538 | . | ‡aDVD; region 1, NTSC; wide screen; Dolby digital 5.1. | |
| 500 | . | ‡aTitle from web page. | |
| 511 | 1 | . | ‡aAlison Sweeney, Ashley Williams, Alejandro Tous, Miguel Brocca. |
| 500 | . | ‡aWide screen. | |
| 521 | 8 | . | ‡aRating: Not rated. |
| 520 | . | ‡aTo Barcelona, With Love: Erica, an American translator, secretly revises a novel set in Barcelona. Everything is fine until bookstore owner Nico invites the credited author, Anna, to the city for a book-signing. To Barcelona, Forever: As Anna travels back to Barcelona, reuniting with Erica to celebrate her engagement to Nico, she meets a charming farmer and accidentally finds herself 'engaged' to save his family's legacy. | |
| 505 | 0 | 0. | ‡tTo Barcelona, with love ; ‡g(84 min. 2025)-- ‡tTo Barcelona forever ; ‡g(84 min. 2025). |
| 508 | . | ‡aDirector of photography, Tyler Walzak. | |
| 532 | 1 | . | ‡aEnglish closed-captioning |
| 532 | 1 | . | ‡aEnglish subtitles for the deaf and hard of hearing (SDH) |
| 650 | 0. | ‡aAuthors ‡vDrama. ‡0(LARL_NWRL_CONSORTIUM)163582 | |
| 650 | 0. | ‡aMan-woman relationships ‡vDrama. ‡0(LARL_NWRL_CONSORTIUM)166008 | |
| 651 | 0. | ‡aBarcelona (Spain) ‡vDrama. | |
| 655 | 7. | ‡aFeature films. ‡2lcgft ‡0(LARL_NWRL_CONSORTIUM)175625 | |
| 655 | 7. | ‡aFiction films. ‡2lcgft ‡0(LARL_NWRL_CONSORTIUM)175626 | |
| 655 | 7. | ‡aRomance films. ‡2lcgft ‡0(LARL_NWRL_CONSORTIUM)175678 | |
| 655 | 7. | ‡aMade-for-TV movies. ‡2lcgft ‡0(LARL_NWRL_CONSORTIUM)175746 | |
| 655 | 7. | ‡aVideo recordings for hard of hearing people. ‡2lcgft | |
| 700 | 1 | . | ‡aOliver, Ron ‡c(Film director), ‡efilm director. ‡1https://id.oclc.org/worldcat/entity/E39PCjyRR4dHhm8F3k6GcKJPXq |
| 700 | 1 | . | ‡aWolfe, Julie Sherman, ‡escreenwriter. |
| 700 | 1 | . | ‡aSweeney, Alison, ‡d1976- ‡eactor. ‡1https://id.oclc.org/worldcat/entity/E39PBJhxrjfdDXMBhkV78x3qQq ‡0(LARL_NWRL_CONSORTIUM)223729 |
| 700 | 1 | . | ‡aWilliams, Ashley, ‡d1978- ‡eactor. ‡1https://id.oclc.org/worldcat/entity/E39PBJy8r8MM4kP3yr9Kt6cMfq ‡0(LARL_NWRL_CONSORTIUM)212813 |
| 700 | 1 | . | ‡aTous, Alejandro, ‡eactor. |
| 700 | 1 | . | ‡aBrocca, Miguel, ‡eactor. |
| 710 | 2 | . | ‡aHallmark Channel (Television network), ‡ebroadcaster. ‡0(LARL_NWRL_CONSORTIUM)217368 |
| 710 | 2 | . | ‡aHallmark Home Entertainment (Firm), ‡eproduction company, ‡epublisher. ‡0(LARL_NWRL_CONSORTIUM)151201 |
| 730 | 0 | 2. | ‡iContainer of (work): ‡aTo Barcelona, with love (Made-for-TV movies) |
| 730 | 0 | 2. | ‡iContainer of (work): ‡aTo Barcelona, forever (Made-for-TV movies) |
| 901 | . | ‡a488712 ‡bOCoLC ‡c488712 ‡tbiblio ‡soclc | |

Add to basket
Permalink
Disable Highlighting